MAASAI MARA UNIVERSITY

LIBRARY CATALOGUE

Contact Us: +254 020 2685356/7 or 0774 057787

Box: 861-20500, NAROK, KENYA

Email: info@mmarau.ac.ke

The effect of children on parents / (Record no. 24676)

MARC details
000 -LEADER
fixed length control field 01075pam a2200301 a 4500
001 - CONTROL NUMBER
control field 3431458
003 - CONTROL NUMBER IDENTIFIER
control field OSt
005 - DATE AND TIME OF LATEST TRANSACTION
control field 20170518103419.0
008 - FIXED-LENGTH DATA ELEMENTS--GENERAL INFORMATION
fixed length control field 910131s1992 nyu b 001 0 eng
010 ## - LIBRARY OF CONGRESS CONTROL NUMBER
LC control number 91008366
020 ## - INTERNATIONAL STANDARD BOOK NUMBER
International Standard Book Number 1560241187 (pbk. : acidfree paper)
020 ## - INTERNATIONAL STANDARD BOOK NUMBER
International Standard Book Number 1560241179 (hardback : acidfree paper)
040 ## - CATALOGING SOURCE
Original cataloging agency MMU
Transcribing agency MMU
Modifying agency MMU
Language of cataloging ENG
050 00 - LIBRARY OF CONGRESS CALL NUMBER
Classification number HQ755.8
Item number .A47 1991
082 00 - DEWEY DECIMAL CLASSIFICATION NUMBER
Classification number 306.874
Edition number 20
100 1# - MAIN ENTRY--PERSONAL NAME
Personal name Ambert, Anne-Marie,
Dates associated with a name 1940-
245 14 - TITLE STATEMENT
Title The effect of children on parents /
Statement of responsibility, etc. Anne-Marie Ambert.
260 ## - PUBLICATION, DISTRIBUTION, ETC. (IMPRINT)
Place of publication, distribution, etc. New York :
Name of publisher, distributor, etc. Haworth Press,
Date of publication, distribution, etc. c1992.
300 ## - PHYSICAL DESCRIPTION
Extent xiv, 308 p. ;
Dimensions 22 cm.
490 1# - SERIES STATEMENT
Series statement Haworth marriage & the family
504 ## - BIBLIOGRAPHY, ETC. NOTE
Bibliography, etc Includes bibliographical references (p. 253-290) and indexes.
650 #0 - SUBJECT ADDED ENTRY--TOPICAL TERM
Topical term or geographic name as entry element Parenthood
General subdivision Psychological aspects.
650 #0 - SUBJECT ADDED ENTRY--TOPICAL TERM
Topical term or geographic name as entry element Parent and child.
830 #0 - SERIES ADDED ENTRY--UNIFORM TITLE
Uniform title Haworth marriage and the family.
906 ## - LOCAL DATA ELEMENT F, LDF (RLIN)
a 7
b cbc
c orignew
d 1
e ocip
f 19
g y-gencatlg
942 ## - ADDED ENTRY ELEMENTS (KOHA)
Source of classification or shelving scheme Library of Congress Classification
Koha item type L

No items available.

© 2016 Maasai Mara University.